Vorstaatliche Freiheitsrechte: christliche und islamische Menschenrechtsbegründungen
| Main Author: | |
|---|---|
| Format: | Print Article |
| Language: | German |
| Check availability: | HBZ Gateway |
| Interlibrary Loan: | Interlibrary Loan for the Fachinformationsdienste (Specialized Information Services in Germany) |
| Published: |
1998
|
| In: |
Evangelische Kommentare
Year: 1998, Volume: 31, Issue: 9, Pages: 523-525 |
| Standardized Subjects / Keyword chains: | B
Human rights
/ Christianity
/ Islam
|
| IxTheo Classification: | BJ Islam CC Christianity and Non-Christian religion; Inter-religious relations NCC Social ethics |
| Further subjects: | B
Menschenrechte
B Islam B Human Rights B Christianity |
MARC
| LEADER | 00000caa a2200000 c 4500 | ||
|---|---|---|---|
| 001 | 831504196 | ||
| 003 | DE-627 | ||
| 005 | 20241115180440.0 | ||
| 007 | tu | ||
| 008 | 160405s1998 xx ||||| 00| ||ger c | ||
| 035 | |a (DE-627)831504196 | ||
| 035 | |a (DE-576)465709990 | ||
| 035 | |a (DE-599)GBV831504196 | ||
| 040 | |a DE-627 |b ger |c DE-627 |e rakwb | ||
| 041 | |a ger | ||
| 084 | |a 1 |2 ssgn | ||
| 100 | 1 | |0 (DE-588)120078724 |0 (DE-627)080431577 |0 (DE-576)161175414 |4 aut |a Graf, Friedrich Wilhelm |d 1948- | |
| 109 | |a Graf, Friedrich Wilhelm 1948- |a Graf, F. W. 1948- |a Graf, Friedrich W. 1948- |a Gurāfu, F. W. 1948- | ||
| 245 | 1 | 0 | |a Vorstaatliche Freiheitsrechte |b christliche und islamische Menschenrechtsbegründungen |c Friedrich Wilhelm Graf |
| 264 | 1 | |c 1998 | |
| 336 | |a Text |b txt |2 rdacontent | ||
| 337 | |a ohne Hilfsmittel zu benutzen |b n |2 rdamedia | ||
| 338 | |a Band |b nc |2 rdacarrier | ||
| 500 | |a Aufsatz | ||
| 601 | |a Freiheitsrecht | ||
| 650 | 4 | |a Menschenrechte | |
| 650 | 4 | |a Christentum | |
| 650 | 4 | |a Islam | |
| 650 | 4 | |a Human Rights | |
| 650 | 4 | |a Christianity | |
| 652 | |a BJ:CC:NCC | ||
| 689 | 0 | 0 | |d s |0 (DE-588)4074725-6 |0 (DE-627)106088556 |0 (DE-576)209195088 |2 gnd |a Menschenrecht |
| 689 | 0 | 1 | |d s |0 (DE-588)4010074-1 |0 (DE-627)104493933 |0 (DE-576)20888579X |2 gnd |a Christentum |
| 689 | 0 | 2 | |d s |0 (DE-588)4027743-4 |0 (DE-627)106283499 |0 (DE-576)20897220X |2 gnd |a Islam |
| 689 | 0 | |5 (DE-627) | |
| 773 | 0 | 8 | |i In |t Evangelische Kommentare |d Stuttgart : Kreuz-Verl., 1968 |g 31(1998), 9, Seite 523-525 |w (DE-627)129080012 |w (DE-600)3244-X |w (DE-576)014412705 |x 0300-4236 |7 nnas |
| 773 | 1 | 8 | |g volume:31 |g year:1998 |g number:9 |g pages:523-525 |
| 889 | |w (DE-627)1864134674 | ||
| 889 | |w (DE-627)596700385 | ||
| 935 | |a mteo | ||
| 935 | |i mdedup | ||
| 935 | |i Blocktest | ||
| 951 | |a AR | ||
| ELC | |b 1 | ||
| ITA | |a 1 |t 1 | ||
| LOK | |0 000 xxxxxcx a22 zn 4500 | ||
| LOK | |0 001 3308658364 | ||
| LOK | |0 003 DE-627 | ||
| LOK | |0 004 831504196 | ||
| LOK | |0 005 20160405133118 | ||
| LOK | |0 008 160404||||||||||||||||ger||||||| | ||
| LOK | |0 040 |a DE-Tue135 |c DE-627 |d DE-Tue135 | ||
| LOK | |0 092 |o n | ||
| LOK | |0 852 |a DE-Tue135 | ||
| LOK | |0 852 1 |9 00 | ||
| LOK | |0 935 |a ixzs |a ixmi | ||
| LOK | |0 936ln |0 1442043806 |a CC | ||
| LOK | |0 936ln |0 144205283X |a NCC | ||
| LOK | |0 936ln |0 1442043539 |a BJ | ||
| LOK | |0 939 |a 04-04-16 |b l01 | ||
| ORI | |a SA-MARC-ixtheoa001.raw | ||
| REL | |a 1 | ||
| STA | 0 | 0 | |a Christianity,Christian world view,World view,Christian ideology,Human rights,Human rights,Islam,Islam |
| STB | 0 | 0 | |a Christianisme,Christianisme,Droit de l’homme,Droitsde l’homme,Droit humain,Droit humain,Droits de l'homme (droit international),Droit humain (motif),Droit humain,Islam,Islam |
| STC | 0 | 0 | |a Cristianismo,Cristianismo,Cristiandad,Cristiandad,Cristiandad (Motivo),Cristiandad,Derechos Humanos,Derechos Humanos,Islam,Islam |
| STD | 0 | 0 | |a Cristianesimo,Cristianesimo,Diritti umani <motivo>,Diritti umani,Diritti dell'uomo,Diritti dell'uomo,Diritti dell'uomo (motivo),Diritti dell'uomo,Islam,Islam |
| STE | 0 | 0 | |a 人权,伊斯兰教,伊斯兰教,回教,回教,基督教,基督教,基督教世界观 |
| STF | 0 | 0 | |a 人權,伊斯蘭教,伊斯蘭教,回教,回教,基督教,基督教,基督教世界觀 |
| STG | 0 | 0 | |a Cristianismo,Cristianismo,Cristandade,Cristandade,Cristandade (Motivo),Cristandade,Direitos Humanos,Direitos Humanos,Islã,Islã |
| STH | 0 | 0 | |a Ислам (мотив),Ислам,Права человека (мотив),Права человека,Христианство (мотив),Христианство |
| STI | 0 | 0 | |a Ανθρώπινα δικαιώματα <μοτίβο>,Ανθρώπινα δικαιώματα,Δικαιώματα του ανθρώπου,Δικαιώματα του ανθρώπου (μοτίβο),Ισλάμ (μοτίβο),Ισλάμ,Χριστιανισμός (μοτίβο),Χριστιανισμός |
| SUB | |a REL | ||
| SYE | 0 | 0 | |a Human rights,Charta der Menschenrechte,Menschenrecht,Menschenrechts-Charta,Menschenrechtscharta,Menschenrechts-Konvention,Menschenrechtskonvention,Universal Declaration of Human Rights,Human rights,Human rights of specific groups,Grundrechte (Menschenrechte),droits de l'homme,Menschenrechte besonderer Gruppen , Christianity,Christliche Mission,Missionierung,Christenheit,Christianitas,Christliche Religion,Christliche Weltanschauung , Islam |
| SYG | 0 | 0 | |a Menschenrechte,Menschenrechte , Christianity,Christliche Mission,Missionierung,Christenheit,Christianitas,Christliche Religion,Christliche Weltanschauung , Islam |